Veritatis Splendor: carta encíclica sobre algunas cuestiones fundamentales de la enseñanza moral de la Iglesia

保存先:
書誌詳細
第一著者: Juan Pablo II (著者)
フォーマット: 図書
言語:スペイン語
出版事項: Santiago San Pablo 1993
版:1a. ed
主題:
タグ: タグ追加
タグなし, このレコードへの初めてのタグを付けませんか!

MARC

LEADER 00000nam a2200000 a 4500
001 UCJ8980
003 CL-VaPUC
008 070126e19931000CL |||||||||||||||||spa|d
082 0 4 |a 262.91  |b JUA  |2 21 
100 |a Juan Pablo II  |e author  |9 309920 
245 1 0 |a Veritatis Splendor: carta encíclica sobre algunas cuestiones fundamentales de la enseñanza moral de la Iglesia  
250 |a 1a. ed 
300 |a 180 p 
942 |c BK 
945 |d 20070126 00:00:00  |a lvergara 
260 |a Santiago  |b San Pablo  |c 1993 
650 0 |a Encíclicas  |9 255643 
650 0 |a Teología   |9 258766 
650 0 |a Verdad  |9 313815 
583 |a last modification  |c 20070126 00:00:00  |k Rodrigo Vera 
999 |c 324624  |d 324622 
952 |0 0  |1 0  |4 0  |6 262_910000000000000_JUA_1993  |7 0  |8 A  |9 404895  |a BIBTEO  |b BIBTEO  |d 2019-11-22  |i 4244060  |o 262.91 JUA 1993  |p 4244060  |r 2025-01-17  |w 2019-11-22  |y BK  |k ICR 
952 |0 0  |1 0  |4 0  |6 262_910000000000000_JUA_1993  |7 0  |8 A  |9 404896  |a BIBTEO  |b BIBTEO  |d 2019-11-22  |i 421028K  |l 2  |o 262.91 JUA 1993  |p 421028K  |r 2025-01-17  |s 2022-04-06  |w 2019-11-22  |y BK  |k ICR